000 00389nam a2200121Ia 4500
008 220620s9999||||xx |||||||||||||| ||und||
245 0 _aAdaptive Filtering
_bTheories and Applications
546 _aEnglish[eng]
650 _aSystems analysis & design
700 _aGarcia Morales, Lino
856 _uhttps://mts.intechopen.com/storage/books/3098/authors_book/authors_book.pdf
942 _cEB
999 _c34153
_d34153